000 01138nam a22002657a 4500
999 _c2287
_d2287
003 AR-CdUCM
008 190304b ||||| |||| 00| 0 spa d
040 _aMUNICIPALIDAD PROVINCIAL DEL CUSCO
_cBIBLIOTECA MUNICIPAL DEL CUSCO
082 _a869.58 /
_bV45
_22ed.
100 _aGarcia Calderon, Ventura
_93435
245 _aLos mejores cuentos peruanos /
260 _aLima :
_bEditora Latinoamericana S.A.,
_c1958.
300 _a119 Páginas ;
_c17 cm.
440 _aQuinto Festival del libro
_98257
500 _aDonación de la familia Nieto. Scorza, Manuel (Director)
505 _aFue en el Perú -- La sopa de piedras -- El caballero carmelo -- El vuelos de los cóndores -- Los hijos del Sol: El alma de la quena... Tomo 2: Jose Maria Arguedas -- Francisco Vegas Seminario -- Julio Ramon Ribeyro
650 _aCuentos Variados de Autores Peruanos
_98258
650 _aCuentos clásicos
_98259
650 _aCuentos peruanos - Siglo XX
_98260
700 _aSuárez Miraval, Manuel (Compilador)
_98261
700 _aValdelomar, Abraham
_9928
700 _aDiez Canseco, José
_98262
942 _2ddc
_cLIBROS
945 _adavv